Online
Catalog

Magia y desencanto en la narrativa colombiana / (Record no. 17867)

MARC details
000 -CABECERA
campo de control de longitud fija 01035cam a2200277 a 4500
001 - NÚMERO DE CONTROL
campo de control 000018346
005 - FECHA Y HORA DE LA ÚLTIMA TRANSACCIÓN
campo de control 20200929165451.0
008 - DATOS DE LONGITUD FIJA--INFORMACIÓN GENERAL
campo de control de longitud fija 070212s2006 sp b 000 f spa d
020 ## - NÚMERO INTERNACIONAL ESTÁNDAR DEL LIBRO
Número Internacional Estándar del Libro 8479088966
040 ## - FUENTE DE LA CATALOGACIÓN
Centro catalogador/agencia de origen DO-SdBNP
Centro/agencia transcriptor DLC
Centro/agencia modificador BNPHU
043 ## - CÓDIGO DE ÁREA GEOGRÁFICA
Código de área geográfica s-ck---
082 ## - NÚMERO DE LA CLASIFICACIÓN DECIMAL DEWEY
Número de clasificación C863.4
Número de documento/Ítem C172m
049 ## - FONDOS LOCALES (OCLC)
Fondos de biblioteca BNGR
100 1# - ENTRADA PRINCIPAL--NOMBRE DE PERSONA
Nombre de persona Camacho Delgado, José Manuel.
9 (RLIN) 39738
245 10 - MENCIÓN DE TÍTULO
Título Magia y desencanto en la narrativa colombiana /
Mención de responsabilidad, etc. José Manuel Camacho Delgado ; prólogo de Trinidad Barrera.
260 ## - PUBLICACIÓN, DISTRIBUCIÓN, ETC.
Lugar de publicación, distribución, etc. [Alicante, España] :
Nombre del editor, distribuidor, etc. Universidad de Alicante,
Fecha de publicación, distribución, etc. 2006.
300 ## - DESCRIPCIÓN FÍSICA
Extensión 287 p. ;
Dimensiones 18 cm.
490 1# - MENCIÓN DE SERIE
Mención de serie Cuadernos de América sin nombre
Designación de volumen o secuencia 16
504 ## - NOTA DE BIBLIOGRAFÍA, ETC.
Nota de bibliografía, etc. BibliogrAfías: p. 279-283.
650 #4 - PUNTO DE ACCESO ADICIONAL DE MATERIA--TÉRMINO DE MATERIA
Término de materia o nombre geográfico como elemento de entrada Novela colombiana
Subdivisión general Historia y crítica
9 (RLIN) 39739
650 #4 - PUNTO DE ACCESO ADICIONAL DE MATERIA--TÉRMINO DE MATERIA
Término de materia o nombre geográfico como elemento de entrada Literatura colombiana
Subdivisión cronológica SIGLO XX
9 (RLIN) 14409
600 10 - PUNTO DE ACCESO ADICIONAL DE MATERIA--NOMBRE DE PERSONA
Nombre de persona GARCÍA MÁRQUEZ, GABRIEL,
Fechas asociadas al nombre 1928-
Subdivisión general CRÍTICA E INTERPRETACIÓN
9 (RLIN) 6429
700 1# - PUNTO DE ACCESO ADICIONAL--NOMBRE DE PERSONA
Nombre de persona Barrera, Trinidad
Término indicativo de función/relación ed.
9 (RLIN) 39740
830 #0 - PUNTO DE ACCESO ADICIONAL DE SERIE-TÍTULO UNIFORME
Título uniforme Cuadernos de América sin nombre ;
Designación de volumen o secuencia 16
9 (RLIN) 7436
910 ## - DATOS DE OPCIÓN DEL USUARIO (OCLC)
Datos de opción del usuario Catalogación por derivada / LC
Holdings
Estado de retiro Estado de pérdida Restricciones de uso No para préstamo Código de colección Localización permanente Ubicación/localización actual Ubicación en estantería Fecha de adquisición Número de inventario Total de préstamos Signatura topográfica completa Código de barras Fecha visto por última vez Precio válido a partir de Tipo de ítem Koha
        Monografías: Libros y Folletos General General En catalogación 29.04.2010 LF1   C863.4 C172m 18346-10 25.06.2020 25.06.2020 Préstamo en sala

Powered by Koha